Movie General Knowledge #1 - Statistics

General Stats
  • This quiz has been taken 44 times
  • The average score is 6 of 15
Answer Stats
Hint Answer % Correct
How many movies have Robert De Niro and Al Pacino been in together? 4
81%
Who famously won a posthumous Oscar in 2009? Heath Ledger
72%
What movie is debated as the best Christmas movie of all time? Die Hard
67%
What movie is this quote from? "Frankly, My dear, I don't give a damn." Gone with the wind
61%
Who plays Ra's Al Ghul in Batman Begins? Liam Neeson
44%
Who is the voice actor for Nick Wilde in the Zootopia Movies? Jason Bateman
36%
Which movie holds the record for most Oscar nominations (16) Sinners
36%
Which Martin Scorsese film is his highest grossing? The Wolf of Wallstreet
36%
What is the name of John Travolta's character in Pulp Fiction? Vincent Vega
33%
Which director directed "The Shawshank Redemption" and "The Green Mile"? Frank Darabont
28%
What is Morgan Freeman's highest grossing film? The Dark Knight Rises
22%
What is Christopher Nolan's debut film? Following
19%
Who voice acts the Joker in the Lego Batman Movie? Zach Galifianakis
19%
What is the Highest rated film on Letterboxd? Harakiri
17%
Finish the quote. "We don't read and write poetry because its ______" Cute
3%
No matching quizzes found
Score Distribution
Percent of People with Each Score
Percentile by Number Answered
Your Score History
You have not taken this quiz